[Event "XLIV Festival A"]
[Site "Imperia ITA"]
[Date "2002.09.03"]
[Round "3"]
[White "Corso, Roberto"]
[Black "Feistenauer, Harald"]
[WhiteElo "2023"]
[BlackElo "2103"]
[Result "1/2-1/2"]
[PlyCount "41"]
[EventDate "2002.09.01"]

1. d4 Nf6 2. c4 e5 3. dxe5 Ng4 4. Bf4 Bb4+ 5. Nd2 Nc6 6. Ngf3 Qe7 7. a3 Bxd2+
8. Qxd2 Ngxe5 9. Nxe5 Nxe5 10. e3 d6 11. Be2 O-O 12. O-O Be6 13. c5 Rfd8 14.
cxd6 cxd6 15. Rfd1 Bb3 16. Rdc1 f6 17. Rc3 Be6 18. Rac1 Rac8 19. Rxc8 Rxc8 20.
Rxc8+ Bxc8 21. Qb4 1/2-1/2

[Event "XLIV Festival A"]
[Site "Imperia ITA"]
[Date "2002.09.03"]
[Round "3"]
[White "Delchev, Aleksander"]
[Black "Reitinger, Petr"]
[WhiteElo "2557"]
[BlackElo "2115"]
[Result "1-0"]
[PlyCount "51"]
[EventDate "2002.09.01"]

1. c4 e6 2. Nc3 d5 3. d4 dxc4 4. e4 Nf6 5. Bxc4 a6 6. e5 Nd5 7. Nge2 Nxc3 8.
Nxc3 b5 9. Be2 Bb7 10. Bf3 Bxf3 11. Qxf3 c6 12. O-O b4 13. Ne4 Qd5 14. a3 Nd7
15. Rd1 Be7 16. Qg4 Kf8 17. Bg5 f6 18. exf6 Nxf6 19. Nxf6 gxf6 20. Bh6+ Ke8 21.
axb4 f5 22. Qh5+ Kd7 23. Ra5 Qb3 24. d5 cxd5 25. Raxd5+ exd5 26. Qxf5+ 1-0

[Event "XLIV Festival A"]
[Site "Imperia ITA"]
[Date "2002.09.03"]
[Round "3"]
[White "Dubois, Martine"]
[Black "Wagman, Stuart"]
[WhiteElo "2049"]
[BlackElo "2150"]
[Result "1/2-1/2"]
[PlyCount "50"]
[EventDate "2002.09.01"]

1. e4 c5 2. c3 d5 3. exd5 Qxd5 4. d4 Nf6 5. Nf3 Bg4 6. dxc5 Qxc5 7. Be3 Qc7 8.
Na3 Nbd7 9. Nb5 Qb8 10. h3 Bh5 11. g4 Bg6 12. Bg2 b6 13. Na3 e6 14. Qb3 Be7 15.
Nd2 Nd5 16. Bxd5 exd5 17. Qxd5 Nf6 18. Qd4 O-O 19. Ndc4 b5 20. Ne5 Rd8 21. Nxg6
Rxd4 22. Nxe7+ Kf8 23. Bxd4 Qb7 24. O-O Qxe7 25. Rae1 Qd7 1/2-1/2

[Event "XLIV Festival A"]
[Site "Imperia ITA"]
[Date "2002.09.03"]
[Round "3"]
[White "Dvorak, Tomas"]
[Black "Van Hoolandt, Patrick"]
[WhiteElo "2300"]
[BlackElo "2163"]
[Result "1-0"]
[PlyCount "59"]
[EventDate "2002.09.01"]

1. e4 e5 2. Nf3 Nc6 3. Bb5 Nf6 4. O-O Bc5 5. c3 O-O 6. d4 Bb6 7. Re1 d6 8. h3
Bd7 9. Bg5 h6 10. Bh4 Nxd4 11. Nxd4 c6 12. Ba4 exd4 13. cxd4 g5 14. Bg3 d5 15.
exd5 Nxd5 16. Nc3 Bf5 17. Nxd5 cxd5 18. Re5 Be4 19. f3 f6 20. fxe4 fxe5 21.
Bxe5 dxe4 22. Kh1 Rf5 23. Qg4 Rxe5 24. dxe5 Qe7 25. Qxe4 Bc7 26. Rd1 Rd8 27.
Qg6+ Qg7 28. Bb3+ Kh8 29. Rxd8+ Bxd8 30. Qe8+ 1-0

[Event "XLIV Festival A"]
[Site "Imperia ITA"]
[Date "2002.09.03"]
[Round "3"]
[White "Hrbolka, Ladislav jr"]
[Black "Malano, Francesco"]
[WhiteElo "2242"]
[BlackElo "2062"]
[Result "1-0"]
[PlyCount "69"]
[EventDate "2002.09.01"]

1. e4 c5 2. Nf3 Nc6 3. d4 cxd4 4. Nxd4 g6 5. Nc3 Bg7 6. Be3 Nf6 7. f3 O-O 8.
Bc4 d6 9. Qd2 Bd7 10. O-O-O Rc8 11. Bb3 Na5 12. h4 Nxb3+ 13. axb3 h5 14. Bh6
Qa5 15. Kb1 Rfe8 16. Bxg7 Kxg7 17. Qe3 Qc5 18. Qd2 b5 19. Rdg1 Rh8 20. Nd1 a5
21. Nf2 b4 22. g4 hxg4 23. fxg4 Qe5 24. Nf3 Qc5 25. h5 Bc6 26. Ng5 Bd7 27. h6+
Kf8 28. Nd3 Qc6 29. h7 Ne8 30. e5 Bxg4 31. e6 Bxe6 32. Nxe6+ fxe6 33. Qh6+ Ng7
34. Qxg6 Qxc2+ 35. Ka1 1-0

[Event "XLIV Festival A"]
[Site "Imperia ITA"]
[Date "2002.09.03"]
[Round "3"]
[White "Hrbolka, Ladislav sr"]
[Black "Alberton, Roberto"]
[WhiteElo "2144"]
[BlackElo "2123"]
[Result "1-0"]
[PlyCount "49"]
[EventDate "2002.09.01"]

1. d4 e6 2. Nf3 d5 3. c4 c6 4. g3 Nf6 5. Bg2 Be7 6. O-O O-O 7. Qc2 Nbd7 8. Nbd2
Re8 9. b3 b6 10. Bb2 Bb7 11. Rfd1 Rc8 12. Rac1 c5 13. Qb1 dxc4 14. Nxc4 Be4 15.
Qa1 cxd4 16. Bxd4 b5 17. Nce5 Rxc1 18. Qxc1 Nxe5 19. Bxe5 Qa5 20. Nd4 Bxg2 21.
Kxg2 Qb6 22. Qc6 Qxc6+ 23. Nxc6 a6 24. Nxe7+ Rxe7 25. Rd8+ 1-0

[Event "XLIV Festival A"]
[Site "Imperia ITA"]
[Date "2002.09.03"]
[Round "3"]
[White "Isonzo, David"]
[Black "Castelfranchi, Carlo"]
[WhiteElo "2337"]
[BlackElo "2169"]
[Result "1-0"]
[PlyCount "93"]
[EventDate "2002.09.01"]

1. e4 Nf6 2. e5 Nd5 3. d4 d6 4. Nf3 Bg4 5. Be2 e6 6. O-O Be7 7. c4 Nb6 8. h3
Bh5 9. Nc3 O-O 10. Be3 d5 11. c5 Bxf3 12. gxf3 Nc8 13. f4 Nc6 14. b4 f5 15. Kh2
Kh8 16. a3 Bh4 17. Bd3 g6 18. Ne2 N8e7 19. Ng1 Ng8 20. Nf3 Be7 21. Bd2 Qd7 22.
Qc2 Nd8 23. b5 Nf7 24. a4 Qd8 25. a5 g5 26. c6 bxc6 27. Qxc6 g4 28. hxg4 fxg4
29. Ng1 Qc8 30. Ne2 Nd8 31. Qc2 Rf7 32. Kg2 c5 33. dxc5 Qxc5 34. Qxc5 Bxc5 35.
Rfc1 Bf8 36. Ra2 Nh6 37. Rac2 Ba3 38. Ra1 Bf8 39. Nd4 Ng8 40. Kg3 Ne7 41. Kxg4
Ng6 42. Bxg6 hxg6 43. Rac1 Ba3 44. Rc8 Rxc8 45. Rxc8 Rf8 46. a6 g5 47. b6 1-0

[Event "XLIV Festival A"]
[Site "Imperia ITA"]
[Date "2002.09.03"]
[Round "3"]
[White "Lacrosse, Marc"]
[Black "Del Dotto, Riccardo"]
[WhiteElo "2244"]
[BlackElo "2199"]
[Result "1-0"]
[PlyCount "35"]
[EventDate "2002.09.01"]

1. d4 d5 2. c4 c6 3. Nf3 Nf6 4. Nc3 a6 5. cxd5 cxd5 6. Bg5 Ne4 7. Bh4 Qa5 8.
Qb3 e6 9. a3 Nc6 10. Rc1 Bd7 11. e3 b5 12. Nd2 Nxd2 13. Kxd2 b4 14. axb4 Bxb4
15. Bd3 Nxd4 16. exd4 Ba4 17. Qa2 Rc8 18. Ke3 1-0

[Event "XLIV Festival A"]
[Site "Imperia ITA"]
[Date "2002.09.03"]
[Round "3"]
[White "Pesout, Jan"]
[Black "Faraci, Antonino"]
[WhiteElo "2277"]
[BlackElo "2087"]
[Result "1-0"]
[PlyCount "89"]
[EventDate "2002.09.01"]

1. d4 Nf6 2. c4 g6 3. g3 Bg7 4. Bg2 O-O 5. Nf3 d6 6. O-O c6 7. Nc3 Nbd7 8. e4
Qc7 9. h3 e5 10. Be3 Re8 11. Qc2 Nf8 12. Rac1 Be6 13. b3 Qc8 14. Kh2 Nh5 15. d5
Bd7 16. dxc6 bxc6 17. c5 dxc5 18. Na4 Ne6 19. Nxc5 Nxc5 20. Bxc5 h6 21. Nd2 Bf8
22. Bxf8 Rxf8 23. Nc4 Qc7 24. Rfd1 Be6 25. Qc3 Bxc4 26. Qxc4 Qb6 27. Rc2 Rad8
28. Rxd8 Rxd8 29. Qxc6 Qxc6 30. Rxc6 Rd2 31. Ra6 Rxf2 32. Rxa7 Rb2 33. Ra4 f6
34. Ra7 f5 35. exf5 gxf5 36. Ra5 f4 37. Rxe5 fxg3+ 38. Kg1 Rb1+ 39. Bf1 Nf4 40.
Rf5 Ne2+ 41. Kg2 Nc1 42. Ra5 Rb2+ 43. Kxg3 Nxa2 44. Bc4+ Kg7 45. Kg4 {...} 1-0

[Event "XLIV Festival A"]
[Site "Imperia ITA"]
[Date "2002.09.03"]
[Round "3"]
[White "Sulava, Nenad"]
[Black "Barberi, Alessandro"]
[WhiteElo "2556"]
[BlackElo "2094"]
[Result "1-0"]
[PlyCount "43"]
[EventDate "2002.09.01"]

1. Nf3 c5 2. c4 g6 3. d4 cxd4 4. Nxd4 Bg7 5. e4 Nc6 6. Be3 Nf6 7. Nc3 O-O 8.
Be2 d6 9. O-O Bd7 10. Qd2 a6 11. Rac1 Qb8 12. Rfd1 b5 13. Nxc6 Bxc6 14. Nd5
Bxd5 15. exd5 bxc4 16. Rxc4 Rc8 17. Rc6 Nd7 18. Bxa6 Rxc6 19. dxc6 Ne5 20. Bb7
Rxa2 21. Rc1 Qc7 22. Bb6 1-0

[Event "XLIV Festival A"]
[Site "Imperia ITA"]
[Date "2002.09.03"]
[Round "3"]
[White "Svacina, Petr"]
[Black "Barlocco, Carlo"]
[WhiteElo "2029"]
[BlackElo "2136"]
[Result "0-1"]
[PlyCount "70"]
[EventDate "2002.09.01"]

1. e4 c5 2. Nf3 e6 3. d4 cxd4 4. Nxd4 Nc6 5. Be3 Nf6 6. Bd3 e5 7. Nb5 a6 8.
N5c3 d5 9. exd5 Nxd5 10. Nxd5 Qxd5 11. O-O Be6 12. Nc3 Qa5 13. a3 Be7 14. Qh5
g6 15. Qh6 Bf8 16. Qh4 Bg7 17. Ne4 Nd4 18. Nf6+ Kf8 19. c3 Bf5 20. Bxd4 exd4
21. Qxd4 Rd8 22. Rfe1 Be6 23. Rxe6 fxe6 24. Nd7+ Kg8 25. Qd6 Qd5 26. Qxd5 exd5
27. Nc5 Rd6 28. Rc1 Bh6 29. Rc2 b5 30. Be2 Kf7 31. Kf1 Rc8 32. Nd3 Bg7 33. Rd2
d4 34. cxd4 Rxd4 35. Bg4 Rxg4 0-1

[Event "XLIV Festival A"]
[Site "Imperia ITA"]
[Date "2002.09.04"]
[Round "4"]
[White "Arata, Roberto Mario"]
[Black "Faraci, Antonino"]
[WhiteElo "2145"]
[BlackElo "2087"]
[Result "0-1"]
[PlyCount "48"]
[EventDate "2002.09.01"]

1. d4 Nf6 2. c4 g6 3. Nc3 Bg7 4. e4 d6 5. f4 O-O 6. Be2 c5 7. d5 a6 8. Nf3 b5
9. cxb5 axb5 10. e5 dxe5 11. fxe5 Ng4 12. Bf4 b4 13. Ne4 Nd7 14. d6 Bb7 15.
dxe7 Qxe7 16. Nd6 Ndxe5 17. Nxb7 Nxf3+ 18. gxf3 Qxb7 19. h3 Nf6 20. Be3 Rfe8
21. Kf2 Qe7 22. Bf4 Rad8 23. Qe1 Nh5 24. Bh2 Qe3+ 0-1

[Event "XLIV Festival A"]
[Site "Imperia ITA"]
[Date "2002.09.04"]
[Round "4"]
[White "Barlocco, Carlo"]
[Black "Pesout, Jan"]
[WhiteElo "2136"]
[BlackElo "2277"]
[Result "1/2-1/2"]
[PlyCount "46"]
[EventDate "2002.09.01"]

1. c4 Nf6 2. Nc3 c5 3. g3 Nc6 4. Bg2 e6 5. Nf3 d5 6. d4 dxc4 7. Qa4 cxd4 8.
Nxd4 Qxd4 9. Bxc6+ Bd7 10. Bb5 Rc8 11. Be3 Bxb5 12. Qxb5+ Qd7 13. Bxa7 Qxb5 14.
Nxb5 Bb4+ 15. Kf1 Ke7 16. a3 Bc5 17. Bxc5+ Rxc5 18. Nc3 Rd8 19. Ke1 Rc6 20. Rd1
Nd5 21. Kd2 Rb6 22. Kc2 Nxc3 23. Rxd8 Kxd8 1/2-1/2

[Event "XLIV Festival A"]
[Site "Imperia ITA"]
[Date "2002.09.04"]
[Round "4"]
[White "Blasco, Domenico"]
[Black "Sejkora, Vlastimil"]
[WhiteElo "2056"]
[BlackElo "2255"]
[Result "0-1"]
[PlyCount "68"]
[EventDate "2002.09.01"]

1. d4 Nf6 2. e3 g6 3. c4 Bg7 4. Nc3 d6 5. Be2 c6 6. Nf3 Nbd7 7. O-O O-O 8. b4
e5 9. a4 exd4 10. exd4 Re8 11. Bf4 Nf8 12. h3 a5 13. b5 Bf5 14. Rc1 h5 15. Re1
Ne6 16. Bh2 Bh6 17. Ra1 Rc8 18. Nh4 Ng7 19. Nxf5 Nxf5 20. bxc6 bxc6 21. d5 cxd5
22. Nxd5 Bg7 23. Rc1 Nxd5 24. Qxd5 Rc5 25. Qb7 d5 26. cxd5 Rxe2 27. Red1 Bd4
28. d6 Nxd6 29. Qf3 Rxc1 30. Qxe2 Rxd1+ 31. Qxd1 Ne4 32. Kf1 Qd5 33. Qd3 Nxf2
34. Bg1 Nxd3 0-1

[Event "XLIV Festival A"]
[Site "Imperia ITA"]
[Date "2002.09.04"]
[Round "4"]
[White "Diana, Riccardo"]
[Black "Basso, Fabrice"]
[WhiteElo "2134"]
[BlackElo "2207"]
[Result "1/2-1/2"]
[PlyCount "54"]
[EventDate "2002.09.01"]

1. e4 c5 2. c3 Nf6 3. e5 Nd5 4. Nf3 e6 5. d4 cxd4 6. Qxd4 Nc6 7. Qe4 b6 8. Bc4
Nc7 9. O-O Bb7 10. Qc2 d5 11. exd6 Bxd6 12. Nbd2 Qe7 13. Ne4 O-O-O 14. Rd1 h6
15. Nxd6+ Rxd6 16. Bf4 Rxd1+ 17. Rxd1 Rd8 18. Rxd8+ Qxd8 19. Qd2 Na5 20. Qxd8+
Kxd8 21. Be2 Nd5 22. Bd2 Nc6 23. c4 Nf6 24. Bc3 Ke7 25. Bd3 Ne8 26. Ne5 f6 27.
Nxc6+ Bxc6 1/2-1/2

[Event "XLIV Festival A"]
[Site "Imperia ITA"]
[Date "2002.09.04"]
[Round "4"]
[White "Gross, Stefan"]
[Black "Dvorak, Tomas"]
[WhiteElo "2351"]
[BlackElo "2300"]
[Result "1/2-1/2"]
[PlyCount "31"]
[EventDate "2002.09.01"]

1. c4 Nf6 2. Nc3 d5 3. cxd5 Nxd5 4. g3 g6 5. Bg2 Nb6 6. Nf3 Bg7 7. d3 O-O 8.
O-O Nc6 9. Be3 e5 10. Bc5 Re8 11. e3 Bf5 12. d4 exd4 13. Nxd4 Nxd4 14. Bxd4
Bxd4 15. exd4 c6 16. d5 1/2-1/2

[Event "XLIV Festival A"]
[Site "Imperia ITA"]
[Date "2002.09.04"]
[Round "4"]
[White "Jasny, Stanislav"]
[Black "Payen, Arnaud"]
[WhiteElo "2290"]
[BlackElo "2359"]
[Result "1/2-1/2"]
[PlyCount "34"]
[EventDate "2002.09.01"]

1. e4 e5 2. Nf3 Nc6 3. Bb5 Bc5 4. c3 Nge7 5. d4 exd4 6. cxd4 Bb4+ 7. Nc3 d5 8.
e5 a6 9. Ba4 Bg4 10. Be3 O-O 11. h3 Bh5 12. O-O f6 13. g4 Bxc3 14. bxc3 Bg6 15.
exf6 gxf6 16. Bh6 Rf7 17. Qe2 Kh8 1/2-1/2

[Event "XLIV Festival A"]
[Site "Imperia ITA"]
[Date "2002.09.04"]
[Round "4"]
[White "Jirovsky, Milos"]
[Black "Jurek, Josef"]
[WhiteElo "2464"]
[BlackElo "2357"]
[Result "1/2-1/2"]
[PlyCount "57"]
[EventDate "2002.09.01"]

1. c4 c6 2. d4 d5 3. Nf3 e6 4. Nc3 f5 5. Bf4 Nf6 6. e3 Be7 7. Bd3 O-O 8. Qc2 a6
9. h3 b5 10. c5 Ne4 11. Ne5 Bb7 12. O-O-O Nd7 13. Bxe4 fxe4 14. f3 Nxe5 15.
Bxe5 exf3 16. gxf3 Bf6 17. f4 Bc8 18. h4 Bd7 19. h5 h6 20. Rdg1 Be8 21. Bd6 Rf7
22. Qg6 Kh8 23. Rg2 Rd7 24. Qd3 Rxd6 25. cxd6 Qxd6 26. Rc2 Bf7 27. Kb1 Bg8 28.
Rg1 Bh7 29. Rg6 1/2-1/2

[Event "XLIV Festival A"]
[Site "Imperia ITA"]
[Date "2002.09.04"]
[Round "4"]
[White "Kozak, Milos"]
[Black "Isonzo, David"]
[WhiteElo "2215"]
[BlackElo "2337"]
[Result "1/2-1/2"]
[PlyCount "39"]
[EventDate "2002.09.01"]

1. d4 Nf6 2. c4 g6 3. Nc3 Bg7 4. e4 d6 5. Nf3 O-O 6. Be2 e5 7. O-O Nc6 8. d5
Ne7 9. b4 a5 10. bxa5 c5 11. Nd2 Rxa5 12. Nb3 Ra6 13. a4 Nd7 14. Be3 f5 15. f3
Kh8 16. a5 Ng8 17. Nb5 Bh6 18. Bf2 Ngf6 19. Qc2 Nh5 20. g3 1/2-1/2

[Event "XLIV Festival A"]
[Site "Imperia ITA"]
[Date "2002.09.04"]
[Round "4"]
[White "Malano, Francesco"]
[Black "Campora Perez, Daniel"]
[WhiteElo "2062"]
[BlackElo "2136"]
[Result "1/2-1/2"]
[PlyCount "55"]
[EventDate "2002.09.01"]

1. Nf3 Nf6 2. g3 c5 3. c4 e6 4. Bg2 Nc6 5. Nc3 d5 6. cxd5 Nxd5 7. O-O Be7 8.
Nxd5 exd5 9. d4 O-O 10. dxc5 Bxc5 11. e3 Bf5 12. Bd2 d4 13. exd4 Bxd4 14. Nxd4
Nxd4 15. Bc3 Nc6 16. Qxd8 Raxd8 17. Rad1 h6 18. Rxd8 Rxd8 19. Re1 Bg4 20. h3
Be6 21. a3 Nd4 22. g4 b6 23. f4 Bc4 24. Kf2 Ne6 25. f5 Nf4 26. Re3 a5 27. h4
Kf8 28. Bf3 1/2-1/2

[Event "XLIV Festival A"]
[Site "Imperia ITA"]
[Date "2002.09.04"]
[Round "4"]
[White "Mazzariol, Oscar"]
[Black "Pauwels, Rudi"]
[WhiteElo "2151"]
[BlackElo "2001"]
[Result "1-0"]
[PlyCount "53"]
[EventDate "2002.09.01"]

1. d4 e6 2. c4 d5 3. Nf3 c6 4. g3 f5 5. Bg2 Nf6 6. O-O Bd6 7. Ne5 O-O 8. b3 Qe7
9. e3 b6 10. Re1 Bb7 11. cxd5 exd5 12. Nd3 Nbd7 13. Nc3 Rac8 14. Bb2 Ba6 15. a3
Qf7 16. Nb4 Bb7 17. Qd3 a5 18. Nc2 Ne4 19. f3 Nxc3 20. Bxc3 c5 21. Qd2 cxd4 22.
Nxd4 Nc5 23. b4 axb4 24. axb4 Na6 25. Red1 Rc4 26. Bf1 Rxd4 27. Qxd4 1-0

[Event "XLIV Festival A"]
[Site "Imperia ITA"]
[Date "2002.09.04"]
[Round "4"]
[White "Sulava, Nenad"]
[Black "Johnsen, Sverre"]
[WhiteElo "2556"]
[BlackElo "2163"]
[Result "1-0"]
[PlyCount "50"]
[EventDate "2002.09.01"]

1. Nf3 d5 2. d4 e6 3. g3 Bd6 4. Bg2 c6 5. O-O Nd7 6. c4 f5 7. Qc2 Qf6 8. b3 Nh6
9. cxd5 exd5 10. Bxh6 gxh6 11. Nc3 Nf8 12. b4 Ng6 13. b5 O-O 14. e3 h5 15. bxc6
bxc6 16. Qa4 Bc7 17. Rac1 Rf7 18. Rc2 h4 19. Rfc1 Bd7 20. Qa6 hxg3 21. hxg3 Bc8
22. Qd3 Be6 23. Nb5 cxb5 24. Rxc7 b4 25. Qa6 h5 1-0

[Event "XLIV Festival A"]
[Site "Imperia ITA"]
[Date "2002.09.04"]
[Round "4"]
[White "Vrana, Frantisek"]
[Black "Campora Sivori, Daniel Hugo"]
[WhiteElo "2359"]
[BlackElo "2522"]
[Result "0-1"]
[PlyCount "70"]
[EventDate "2002.09.01"]

1. e4 e5 2. Nf3 Nc6 3. Nc3 Nf6 4. Bb5 Nd4 5. Nxd4 exd4 6. e5 dxc3 7. exf6 Qxf6
8. dxc3 Bc5 9. Qe2+ Qe6 10. Bc4 Qxe2+ 11. Kxe2 O-O 12. Re1 Re8+ 13. Kf1 Rxe1+
14. Kxe1 c6 15. Bd3 d5 16. Bf4 Be6 17. Kf1 Rd8 18. Re1 Bf8 19. Bg5 Rc8 20. f4
g6 21. Bf6 c5 22. h3 Rc6 23. Be5 c4 24. Be2 Ra6 25. Ra1 Bf5 26. Bf3 Be4 27.
Bxe4 dxe4 28. Rd1 f6 29. Bb8 Rxa2 30. Rd8 Kf7 31. Rd7+ Ke6 32. Rxb7 Bc5 33. Rb5
Kd5 34. b4 cxb3 35. cxb3 Kc6 0-1

[Event "XLIV Festival A"]
[Site "Imperia ITA"]
[Date "2002.09.04"]
[Round "5"]
[White "Basso, Fabrice"]
[Black "Feistenauer, Harald"]
[WhiteElo "2207"]
[BlackElo "2103"]
[Result "1-0"]
[PlyCount "51"]
[EventDate "2002.09.01"]

1. e4 Nf6 2. e5 Nd5 3. d4 d6 4. Nf3 Bg4 5. Be2 Bxf3 6. Bxf3 c6 7. exd6 Qxd6 8.
O-O e6 9. c4 Nf6 10. Qb3 Qb4 11. Qc2 Nbd7 12. a3 Qb6 13. Be3 c5 14. Rd1 cxd4
15. Bxd4 Qc7 16. Bxf6 gxf6 17. Qa4 a6 18. b4 Bd6 19. c5 Bxh2+ 20. Kh1 Be5 21.
Ra2 Ke7 22. Bxb7 Ra7 23. c6 Nb6 24. Qa5 Rg8 25. Rad2 Nd5 26. Qc5+ 1-0

[Event "XLIV Festival A"]
[Site "Imperia ITA"]
[Date "2002.09.04"]
[Round "5"]
[White "Campora Perez, Daniel"]
[Black "Antkowiak, Grzegorz"]
[WhiteElo "2136"]
[BlackElo "2238"]
[Result "1-0"]
[PlyCount "51"]
[EventDate "2002.09.01"]

1. e4 c5 2. Nf3 e6 3. d4 cxd4 4. Nxd4 Nf6 5. Nc3 d6 6. Be2 a6 7. O-O b5 8. a3
Bb7 9. Bf3 Qc7 10. g3 Nc6 11. Bg2 Be7 12. Kh1 O-O 13. f4 Nd7 14. Be3 Nb6 15.
Qe2 Nc4 16. Ndxb5 axb5 17. Nxb5 Qd7 18. Qxc4 Ba6 19. a4 Rfc8 20. Qe2 Rab8 21.
c4 Na5 22. Rac1 Nb3 23. Rc3 Nc5 24. Bxc5 dxc5 25. Rd1 Qc6 26. Na7 1-0

[Event "XLIV Festival A"]
[Site "Imperia ITA"]
[Date "2002.09.04"]
[Round "5"]
[White "Campora Sivori, Daniel Hugo"]
[Black "Jirovsky, Milos"]
[WhiteElo "2522"]
[BlackElo "2464"]
[Result "1/2-1/2"]
[PlyCount "30"]
[EventDate "2002.09.01"]

1. e4 c5 2. Nf3 Nc6 3. Bb5 g6 4. Bxc6 dxc6 5. d3 Bg7 6. Nc3 e5 7. Be3 b6 8. h3
f6 9. a3 Qd6 10. O-O Ne7 11. Nd2 Be6 12. Nc4 Bxc4 13. dxc4 Qe6 14. Qe2 Nc8 15.
b4 Nd6 1/2-1/2

[Event "XLIV Festival A"]
[Site "Imperia ITA"]
[Date "2002.09.04"]
[Round "5"]
[White "Delchev, Aleksander"]
[Black "Jasny, Stanislav"]
[WhiteElo "2557"]
[BlackElo "2290"]
[Result "1/2-1/2"]
[PlyCount "91"]
[EventDate "2002.09.01"]

1. e4 c5 2. Nf3 d6 3. Bb5+ Nd7 4. d4 Ngf6 5. O-O a6 6. Bxd7+ Nxd7 7. Nc3 e6 8.
dxc5 Nxc5 9. Bg5 Qc7 10. Re1 f6 11. Bd2 Qf7 12. a4 Be7 13. a5 O-O 14. Be3 Nd7
15. Na4 f5 16. exf5 Qxf5 17. Nd4 Qf7 18. f4 e5 19. Nf3 e4 20. Ng5 Bxg5 21. fxg5
Qe6 22. Qd4 Ne5 23. Qxe4 Bd7 24. Bd4 Bc6 25. Qe2 Rae8 26. Bxe5 dxe5 27. Nb6 Rf5
28. Qc4 Rxg5 29. g3 h5 30. Re3 Rg4 31. Qxe6+ Rxe6 32. Rae1 h4 33. c4 Rh6 34.
Nd5 hxg3 35. hxg3 Rxc4 36. Ne7+ Kh7 37. Nxc6 Rcxc6 38. Rxe5 Rc2 39. R1e2 Rhc6
40. Rxc2 Rxc2 41. b4 Rb2 42. Re4 Kg6 43. Rf4 Kh5 44. Rh4+ Kg5 45. Rf4 Kh5 46.
Rh4+ 1/2-1/2

[Event "XLIV Festival A"]
[Site "Imperia ITA"]
[Date "2002.09.04"]
[Round "5"]
[White "Dvorak, Tomas"]
[Black "Mozny, Milos"]
[WhiteElo "2300"]
[BlackElo "2394"]
[Result "0-1"]
[PlyCount "100"]
[EventDate "2002.09.01"]

1. e4 c5 2. Nf3 e6 3. d4 cxd4 4. Nxd4 Nf6 5. Nc3 d6 6. g4 e5 7. Nf5 h5 8. gxh5
Nxe4 9. Nxg7+ Bxg7 10. Nxe4 d5 11. h6 dxe4 12. Qxd8+ Kxd8 13. hxg7 Rg8 14. Rg1
Ke7 15. Bc4 Be6 16. Bxe6 Kxe6 17. h4 Kf6 18. Bg5+ Kg6 19. O-O-O Nc6 20. Be3+
Kh7 21. Rd7 Rxg7 22. Rxg7+ Kxg7 23. Rxb7 Rh8 24. Rc7 Nd4 25. c3 Ne6 26. Rxa7
Kg6 27. Ra6 Re8 28. b4 f5 29. b5 f4 30. Ba7 Kf5 31. Rd6 e3 32. fxe3 f3 33. Kd2
Ke4 34. a4 Ng7 35. Bb6 Rf8 36. Ke1 f2+ 37. Kf1 Nf5 38. Rg6 Kf3 39. e4 Rd8 40.
Bxf2 Rd1+ 41. Be1 Ne3+ 42. Kg1 Rxe1+ 43. Kh2 Ng4+ 44. Rxg4 Kxg4 45. c4 Rxe4 46.
b6 Re2+ 47. Kg1 e4 48. c5 Kg3 49. Kf1 Kf3 50. a5 e3 0-1

[Event "XLIV Festival A"]
[Site "Imperia ITA"]
[Date "2002.09.04"]
[Round "5"]
[White "Faraci, Antonino"]
[Black "De Wachter, Matthias"]
[WhiteElo "2087"]
[BlackElo "2247"]
[Result "0-1"]
[PlyCount "58"]
[EventDate "2002.09.01"]

1. e4 c5 2. Nf3 e6 3. d4 cxd4 4. Nxd4 Nc6 5. Nc3 Qc7 6. Be2 a6 7. O-O Nf6 8.
Bg5 Nxd4 9. Qxd4 Bc5 10. Qd3 b5 11. Qf3 Bd4 12. Bd3 Bb7 13. Bf4 Be5 14. Bxe5
Qxe5 15. Rae1 Rc8 16. Qe2 d5 17. exd5 Qxe2 18. Rxe2 Nxd5 19. Nxd5 Bxd5 20. b3
Ke7 21. Ra1 Rhd8 22. Re3 Rc5 23. Kf1 Rd6 24. Ke1 g6 25. f3 f5 26. Kd2 Rc7 27.
Kc1 f4 28. Re2 Bxf3 29. Rd2 Bxg2 0-1

[Event "XLIV Festival A"]
[Site "Imperia ITA"]
[Date "2002.09.04"]
[Round "5"]
[White "Isonzo, David"]
[Black "Sulava, Nenad"]
[WhiteElo "2337"]
[BlackElo "2556"]
[Result "1/2-1/2"]
[PlyCount "37"]
[EventDate "2002.09.01"]

1. e4 d5 2. exd5 Qxd5 3. Nc3 Qd6 4. d4 Nf6 5. Nf3 a6 6. g3 Bg4 7. Bg2 Nc6 8.
O-O O-O-O 9. d5 Nb4 10. Bf4 Qc5 11. Be3 Qa5 12. Qd4 Bxf3 13. Bxf3 Nxc2 14. Qa7
Nxe3 15. Qa8+ Kd7 16. Qxb7 Qb6 17. Qxb6 cxb6 18. fxe3 g6 19. e4 1/2-1/2

[Event "XLIV Festival A"]
[Site "Imperia ITA"]
[Date "2002.09.04"]
[Round "5"]
[White "Kozak, Milos"]
[Black "Gross, Stefan"]
[WhiteElo "2215"]
[BlackElo "2351"]
[Result "1/2-1/2"]
[PlyCount "46"]
[EventDate "2002.09.01"]

1. d4 Nf6 2. c4 g6 3. Nc3 d5 4. cxd5 Nxd5 5. e4 Nxc3 6. bxc3 Bg7 7. Nf3 c5 8.
Rb1 O-O 9. Be2 b6 10. O-O Bb7 11. Qd3 Ba6 12. Qe3 Qc8 13. d5 Bxe2 14. Qxe2 e6
15. c4 exd5 16. exd5 Re8 17. Qd3 Qg4 18. Bd2 Nd7 19. Rfe1 Ne5 20. Nxe5 Bxe5 21.
Bc3 Bxc3 22. Qxc3 Qf4 23. g3 Qd6 1/2-1/2

[Event "XLIV Festival A"]
[Site "Imperia ITA"]
[Date "2002.09.04"]
[Round "5"]
[White "Pauwels, Rudi"]
[Black "Astengo, Marcello"]
[WhiteElo "2001"]
[BlackElo "2124"]
[Result "1/2-1/2"]
[PlyCount "27"]
[EventDate "2002.09.01"]

1. d4 d5 2. Nf3 Nf6 3. e3 Bg4 4. c4 e6 5. Qb3 Qc8 6. Ne5 Bf5 7. Nc3 c6 8. Be2
Nbd7 9. f4 Be7 10. O-O O-O 11. Bd2 Ne4 12. Nxe4 Bxe4 13. Nxd7 Qxd7 14. Bb4
1/2-1/2

[Event "XLIV Festival A"]
[Site "Imperia ITA"]
[Date "2002.09.04"]
[Round "5"]
[White "Wagman, Stuart"]
[Black "Malano, Francesco"]
[WhiteElo "2150"]
[BlackElo "2062"]
[Result "1/2-1/2"]
[PlyCount "41"]
[EventDate "2002.09.01"]

1. e4 c5 2. Nf3 Nc6 3. d4 cxd4 4. Nxd4 g6 5. Be2 Bg7 6. Nb3 d6 7. O-O Nf6 8.
Nc3 O-O 9. Bg5 Bd7 10. Kh1 a5 11. a4 Rc8 12. f4 Ne8 13. Qd2 Nb4 14. Rad1 Nc7
15. f5 Ne8 16. Be3 Be5 17. Nd4 Nf6 18. Bd3 d5 19. exd5 Nfxd5 20. Be4 Nxe3 21.
Qxe3 1/2-1/2

[Event "XLIV Festival A"]
[Site "Imperia ITA"]
[Date "2002.09.05"]
[Round "6"]
[White "Arata, Roberto Mario"]
[Black "Reitinger, Petr"]
[WhiteElo "2145"]
[BlackElo "2115"]
[Result "1-0"]
[PlyCount "69"]
[EventDate "2002.09.01"]

1. d4 d5 2. c4 c6 3. Nc3 Nf6 4. Nf3 dxc4 5. a4 Bf5 6. e3 e6 7. Bxc4 Bb4 8. O-O
O-O 9. Nh4 Bg4 10. Nf3 Nbd7 11. Be2 Qe7 12. Ne5 Bxe2 13. Qxe2 Nxe5 14. dxe5 Nd7
15. f4 Rfd8 16. Na2 Nb6 17. b3 Rd7 18. e4 Bc5+ 19. Kh1 Bd4 20. Rb1 Rad8 21. h3
Na8 22. b4 Nc7 23. Rb3 b6 24. Rg3 Kh8 25. Qc4 c5 26. Ba3 cxb4 27. Nxb4 Qc5 28.
Qe2 Bc3 29. Rc1 Bxb4 30. Rxc5 bxc5 31. Bxb4 cxb4 32. f5 Rd2 33. Qc4 R8d7 34.
Qxb4 h6 35. Qf8+ 1-0